[Event "Titled Tuesday intern op 21st May Late"]
[Site "Chess.com INT"]
[Date "2024.05.21"]
[Round "10"]
[White "Buenafe Moya, Javier"]
[Black "Hernandez Jimenez, Alexander Andres"]
[Result "1-0"]
[WhiteElo "2185"]
[BlackElo "2026"]
[PlyCount "59"]
[EventDate "2024.05.21"]
[EventType "swiss (blitz)"]
[EventRounds "11"]
[EventCountry "USA"]
[SourceTitle "CB22_2024"]
[SourceDate "2024.05.29"]
[SourceVersion "1"]
[SourceVersionDate "2024.05.29"]
[SourceQuality "1"]

1. e4 c5 2. Nf3 d6 3. Bb5+ Bd7 4. Bxd7+ Qxd7 5. d4 cxd4 6. Qxd4 Nc6 7. Qe3 g6 8. 0-0 Bg7 9. c4 Nf6 10. Nc3 0-0 11. b3 Rac8 12. Bb2 h6 13. Rad1 Qe6 14. Rfe1 a6 15. Nd5 Ng4 16. Qe2 Bxb2 17. Qxb2 Nge5 18. Nd4 Nxd4 19. Qxd4 Nd7 20. f4 Nc5 21. f5 Qe5 22. Qxe5 dxe5 23. Nxe7+ Kg7 24. Nxc8 Rxc8 25. fxg6 fxg6 26. b4 Ne6 27. Rd7+ Kf6 28. Rf1+ Kg5 29. c5 a5 30. Re7 1-0

[Event "Titled Tuesday intern op 21st May Early"]
[Site "Chess.com INT"]
[Date "2024.05.21"]
[Round "7"]
[White "Dahlgren, James Allen"]
[Black "Buenafe Moya, Javier"]
[Result "0-1"]
[WhiteElo "1871"]
[BlackElo "2185"]
[PlyCount "116"]
[EventDate "2024.05.21"]
[EventType "swiss (blitz)"]
[EventRounds "11"]
[EventCountry "USA"]
[SourceTitle "CB22_2024"]
[SourceDate "2024.05.29"]
[SourceVersion "1"]
[SourceVersionDate "2024.05.29"]
[SourceQuality "1"]

1. d3 e5 2. f4 exf4 3. Bxf4 Qf6 4. Qc1 Bc5 5. Nf3 d6 6. Nc3 c6 7. e4 h6 8. Be2 g5 9. Be3 g4 10. Ng1 Na6 11. a3 h5 12. Bxc5 Nxc5 13. d4 Qxd4 14. Qf4 Ne6 15. Qd2 Qxd2+ 16. Kxd2 Bd7 17. Bc4 0-0-0 18. Nge2 Rh7 19. Rad1 Ng5 20. Ke3 Be6 21. Bxe6+ fxe6 22. Rhf1 d5 23. e5 Nf7 24. Kd4 Ne7 25. Nf4 Nf5+ 26. Kc5 Ng5 27. b4 Ne3 28. b5 b6+ 29. Kb4 Nxd1 30. Rxd1 c5+ 31. Kb3 h4 32. a4 g3 33. h3 Rf8 34. Nce2 Rf5 35. c4 Rxe5 36. cxd5 exd5 37. Rxd5 Rxd5 38. Nxd5 Rf7 39. Nef4 Kd7 40. Kc4 Kd6 41. a5 bxa5 42. Nd3 Ne6 43. Ne3 a4 44. Ng4 a3 45. Kb3 Nf4 46. Nde5 Rf5 47. Nc4+ Kc7 48. Kxa3 Nxg2 49. Kb3 Nf4 50. Nce3 Rf7 51. Kc4 g2 52. Nxg2 Nxg2 53. Kxc5 Nf4 54. Ne5 Rf5 55. Kd4 Rxe5 56. Kxe5 Nxh3 57. Kf5 Ng5 58. Kg4 h3 0-1

[Event "Titled Tuesday intern op 21st May Early"]
[Site "Chess.com INT"]
[Date "2024.05.21"]
[Round "11"]
[White "Kyaw, Myat Aung"]
[Black "Buenafe Moya, Javier"]
[Result "1-0"]
[WhiteElo "2033"]
[BlackElo "2185"]
[PlyCount "125"]
[EventDate "2024.05.21"]
[EventType "swiss (blitz)"]
[EventRounds "11"]
[EventCountry "USA"]
[SourceTitle "CB22_2024"]
[SourceDate "2024.05.29"]
[SourceVersion "1"]
[SourceVersionDate "2024.05.29"]
[SourceQuality "1"]

1. e4 e5 2. Nf3 Nc6 3. Bb5 a6 4. Ba4 d6 5. c3 Bd7 6. 0-0 g5 7. d4 g4 8. Ne1 h5 9. f4 exd4 10. cxd4 Bg7 11. Be3 Nf6 12. Nc3 d5 13. e5 Ne4 14. f5 Nxc3 15. bxc3 Bh6 16. Qd2 Bxe3+ 17. Qxe3 Na5 18. Bb3 Nxb3 19. axb3 Qe7 20. Nd3 0-0-0 21. c4 Bc6 22. f6 Qe8 23. Rae1 b6 24. Rf4 a5 25. c5 Kb7 26. cxb6 cxb6 27. e6 fxe6 28. f7 Qe7 29. Ne5 Qg5 30. Qf2 Rhf8 31. Rf6 Bb5 32. Rxe6 Rc8 33. Rg6 Qe7 34. Qf5 Qb4 35. Qf2 Qxb3 36. Rg8 Qb4 37. Rxf8 Rxf8 38. Ng6 Rxf7 39. Qxf7+ Ka6 40. Qf2 a4 41. Ne5 a3 42. Rc1 Ka5 43. Qe1 Ka4 44. Qxb4+ Kxb4 45. Kf2 a2 46. Ke3 Kb3 47. Kd2 Kb2 48. Rc2+ Kb3 49. Rc3+ Kb4 50. Rc1 Ba4 51. Nd3+ Kb3 52. h3 gxh3 53. gxh3 Bb5 54. h4 Bc4 55. Rc3+ Ka4 56. Rc1 b5 57. Kc3 Bxd3 58. Kxd3 b4 59. Kc2 Ka3 60. Re1 b3+ 61. Kc3 b2 62. Re8 b1N+ 63. Kc2 1-0

[Event "Titled Tuesday intern op 21st May Early"]
[Site "Chess.com INT"]
[Date "2024.05.21"]
[Round "2"]
[White "Rustamov, Rustam"]
[Black "Buenafe Moya, Javier"]
[Result "1-0"]
[WhiteElo "2285"]
[BlackElo "2185"]
[PlyCount "91"]
[EventDate "2024.05.21"]
[EventType "swiss (blitz)"]
[EventRounds "11"]
[EventCountry "USA"]
[SourceTitle "CB22_2024"]
[SourceDate "2024.05.29"]
[SourceVersion "1"]
[SourceVersionDate "2024.05.29"]
[SourceQuality "1"]

1. e4 e5 2. Nf3 Nc6 3. Bb5 a6 4. Ba4 d6 5. c3 Bd7 6. d4 Nf6 7. 0-0 b5 8. Bc2 g6 9. a4 Rb8 10. axb5 axb5 11. d5 Ne7 12. b3 Bg7 13. c4 0-0 14. Nc3 b4 15. Na2 c5 16. dxc6 Bxc6 17. Re1 Rb6 18. Be3 Rb7 19. c5 Nxe4 20. Bxe4 Bxe4 21. cxd6 Nf5 22. Bc5 Bxf3 23. Qxf3 Nd4 24. Qxb7 Nc2 25. d7 Nxa1 26. Bxf8 Kxf8 27. Qc8 Ke7 28. Qxd8+ Kxd8 29. Rxa1 Kxd7 30. Rd1+ Ke6 31. Nxb4 e4 32. Nc6 f5 33. b4 Bf8 34. b5 Bc5 35. Nd8+ Ke5 36. Nb7 Bb6 37. Rc1 Kd5 38. Rc6 Ba7 39. Ra6 Bd4 40. Rd6+ Kc4 41. b6 f4 42. Rxd4+ Kxd4 43. Nd6 e3 44. fxe3+ fxe3 45. Kf1 Kd3 46. Ke1 1-0

[Event "Titled Tuesday intern op 14th May Late"]
[Site "Chess.com INT"]
[Date "2024.05.14"]
[Round "2"]
[White "Buenafe Moya, Javier"]
[Black "Reinecke, Katharina"]
[Result "1-0"]
[WhiteElo "2189"]
[BlackElo "1949"]
[PlyCount "79"]
[EventDate "2024.05.14"]
[EventType "swiss (blitz)"]
[EventRounds "11"]
[EventCountry "USA"]
[SourceTitle "CB21_2024"]
[SourceDate "2024.05.22"]
[SourceVersion "1"]
[SourceVersionDate "2024.05.22"]
[SourceQuality "1"]

1. c4 c6 2. Nf3 d5 3. e3 Nf6 4. b3 Bg4 5. Bb2 e6 6. Be2 Be7 7. h3 Bxf3 8. gxf3 0-0 9. Rg1 dxc4 10. Bxc4 b5 11. Be2 a6 12. Qc2 c5 13. Nc3 Nc6 14. Ne4 Nb4 15. Qc3 Kh8 16. Nxc5 Bxc5 17. Qxc5 Nd3+ 18. Bxd3 Qxd3 19. Qg5 Qg6 20. h4 Rac8 21. Qxg6 hxg6 22. Ke2 Rc2 23. Bxf6 gxf6 24. h5 g5 25. f4 gxf4 26. Rg4 fxe3 27. fxe3 Rd8 28. Rd1 Rxa2 29. b4 f5 30. Rg5 Rb2 31. e4 fxe4 32. Ke3 Rxb4 33. Kf4 a5 34. Rdg1 e3+ 35. Kxe3 a4 36. Rg7 Rb3+ 37. Ke4 f5+ 38. Ke5 a3 39. R7g6 a2 40. Rh6# 1-0

[Event "Titled Tuesday intern op 14th May Late"]
[Site "Chess.com INT"]
[Date "2024.05.14"]
[Round "4"]
[White "Mirzoev, Azer"]
[Black "Buenafe Moya, Javier"]
[Result "1-0"]
[WhiteElo "2454"]
[BlackElo "2189"]
[PlyCount "109"]
[EventDate "2024.05.14"]
[EventType "swiss (blitz)"]
[EventRounds "11"]
[EventCountry "USA"]
[SourceTitle "CB21_2024"]
[SourceDate "2024.05.22"]
[SourceVersion "1"]
[SourceVersionDate "2024.05.22"]
[SourceQuality "1"]

1. d4 Nf6 2. c4 e6 3. Nc3 Bb4 4. e3 0-0 5. Nge2 d5 6. a3 Be7 7. Ng3 dxc4 8. Bxc4 c5 9. d5 exd5 10. Nxd5 Nxd5 11. Bxd5 Qc7 12. 0-0 Rd8 13. Qh5 g6 14. Qf3 Nc6 15. Qxf7+ Kh8 16. Bxc6 bxc6 17. b4 Qe5 18. Bb2 Qxb2 19. Qxe7 Ba6 20. Rfb1 Qg7 21. Qxc5 Bd3 22. Rc1 h5 23. h4 Rac8 24. Qc3 Bb5 25. Qxg7+ Kxg7 26. Ne4 Bd3 27. Nc5 Bf5 28. Ra2 Kf6 29. e4 Be6 30. Nxe6 Kxe6 31. Rc5 Rd4 32. f3 Rd1+ 33. Kh2 Kd6 34. Kg3 Re8 35. Ra5 Re7 36. Rc2 Rc7 37. Rg5 Rg7 38. Rgc5 Rc7 39. b5 Ra1 40. Rxc6+ Rxc6 41. Rxc6+ Ke5 42. Ra6 Rb1 43. a4 Kd4 44. Rxa7 Ke3 45. Rc7 Ke2 46. Rc2+ Kf1 47. Ra2 Kg1 48. Kf4 Kh2 49. Kg5 Kg3 50. e5 Rb4 51. Kxg6 Kxh4 52. e6 Rb1 53. e7 Re1 54. Kf7 Kg3 55. e8Q 1-0

[Event "Titled Tuesday intern op 30th Apr Early"]
[Site "Chess.com INT"]
[Date "2024.04.30"]
[Round "3"]
[White "Buenafe Moya, Javier"]
[Black "Tokman, Ariel"]
[Result "0-1"]
[WhiteElo "2160"]
[BlackElo "2399"]
[PlyCount "72"]
[EventDate "2024.04.30"]
[EventType "swiss (blitz)"]
[EventRounds "11"]
[EventCountry "USA"]
[SourceTitle "CB19_2024"]
[SourceDate "2024.05.08"]
[SourceVersion "1"]
[SourceVersionDate "2024.05.08"]
[SourceQuality "1"]

1. c4 c5 2. Nf3 Nc6 3. d4 cxd4 4. Nxd4 Nf6 5. g3 e6 6. Nc2 d5 7. cxd5 exd5 8. Bg2 Bc5 9. 0-0 0-0 10. Nc3 d4 11. Na4 Bb6 12. Nxb6 axb6 13. Bxc6 bxc6 14. Qxd4 Qc7 15. Bf4 Qb7 16. Bg5 c5 17. Qh4 Ne4 18. a3 Nxg5 19. Qxg5 Bh3 20. Ne3 Bxf1 21. Rxf1 Rfe8 22. Nf5 f6 23. Qg4 Rad8 24. h4 Kh8 25. h5 Re5 26. f3 Rxe2 27. Rf2 Rxf2 28. Kxf2 Qd7 29. Kg2 Qd2+ 30. Kh3 Qg5 31. Qxg5 fxg5 32. Kg4 h6 33. f4 gxf4 34. Kxf4 Rd2 35. b4 cxb4 36. axb4 Rb2 0-1

[Event "Titled Tuesday intern op 30th Apr Early"]
[Site "Chess.com INT"]
[Date "2024.04.30"]
[Round "7"]
[White "Kirillov, Andrey"]
[Black "Buenafe Moya, Javier"]
[Result "0-1"]
[WhiteElo "2352"]
[BlackElo "2160"]
[PlyCount "86"]
[EventDate "2024.04.30"]
[EventType "swiss (blitz)"]
[EventRounds "11"]
[EventCountry "USA"]
[SourceTitle "CB19_2024"]
[SourceDate "2024.05.08"]
[SourceVersion "1"]
[SourceVersionDate "2024.05.08"]
[SourceQuality "1"]

1. e4 e5 2. Nf3 Nc6 3. Bb5 a6 4. Ba4 d6 5. c3 Bd7 6. 0-0 g5 7. d4 g4 8. Ne1 h5 9. f4 exf4 10. Bxf4 Bh6 11. Nd3 Qe7 12. Bb3 0-0-0 13. Nd2 Rh7 14. Bxh6 Nxh6 15. Nf4 Qg5 16. Bc2 f5 17. b4 Re8 18. a4 Rhe7 19. b5 Nb8 20. bxa6 Nxa6 21. Nd5 Rf7 22. Rb1 fxe4 23. Rxf7 Nxf7 24. Bxe4 Rxe4 25. Nxe4 Qxd5 26. Nf6 Qf5 27. Nxd7 Qxd7 28. Qe2 Ng5 29. Qe3 Ne6 30. Rf1 c6 31. Qh6 Qe8 32. Re1 Nac7 33. c4 d5 34. cxd5 cxd5 35. Re5 Qxa4 36. Qh8+ Kd7 37. Qxh5 Qxd4+ 38. Kf1 Kd6 39. Re1 Nc5 40. Qh6+ N7e6 41. Qc1 Ne4 42. Qc2 b5 43. Qe2 Nd2+ 0-1

[Event "Titled Tuesday intern op 30th Apr Early"]
[Site "Chess.com INT"]
[Date "2024.04.30"]
[Round "4"]
[White "Pinero Rodriguez, Carlos Jose"]
[Black "Buenafe Moya, Javier"]
[Result "1-0"]
[WhiteElo "2284"]
[BlackElo "2160"]
[PlyCount "135"]
[EventDate "2024.04.30"]
[EventType "swiss (blitz)"]
[EventRounds "11"]
[EventCountry "USA"]
[SourceTitle "CB19_2024"]
[SourceDate "2024.05.08"]
[SourceVersion "1"]
[SourceVersionDate "2024.05.08"]
[SourceQuality "1"]

1. e4 e5 2. Nf3 Nc6 3. Bb5 a6 4. Ba4 d6 5. d4 b5 6. Bb3 Nxd4 7. Nxd4 exd4 8. Qxd4 c5 9. Qd3 c4 10. Bxc4 bxc4 11. Qxc4 Nf6 12. Nc3 Be7 13. 0-0 0-0 14. h3 Be6 15. Qe2 Qc8 16. Nd5 Bxd5 17. exd5 Re8 18. c4 Nd7 19. Bf4 Bf6 20. Qc2 Ne5 21. Rac1 a5 22. Bd2 Qc5 23. Be3 Qc7 24. b3 Rec8 25. Qd2 a4 26. f4 Nd7 27. b4 a3 28. c5 dxc5 29. bxc5 Bb2 30. Rc4 Nf6 31. Qd3 Re8 32. Bf2 Rad8 33. d6 Qc6 34. Rd1 h6 35. Qf3 Qb5 36. Qd3 Qc6 37. Qf3 Ne4 38. Bh4 Rd7 39. f5 Re5 40. Bg3 Rxc5 41. Rxe4 Rc1 42. Re8+ Kh7 43. Qxc6 Rxc6 44. Re7 Rd8 45. Rxf7 Kg8 46. Rb7 Bf6 47. d7 Kf7 48. Bc7 Rxc7 49. Rxc7 Ke7 50. Ra7 Kf7 51. Rxa3 Ke7 52. Ra7 Be5 53. Rb7 Kf6 54. a4 Kxf5 55. a5 Ke6 56. a6 Bf4 57. Kf2 Bb8 58. a7 Bxa7+ 59. Rxa7 g5 60. Re1+ Kf5 61. Re8 Rxd7 62. Rxd7 h5 63. Rf7+ Kg6 64. Rg8+ Kxf7 65. Rxg5 h4 66. Rh5 Kg6 67. Rxh4 Kg5 68. Rg4+ 1-0

[Event "Titled Tuesday intern op 30th Apr Early"]
[Site "Chess.com INT"]
[Date "2024.04.30"]
[Round "11"]
[White "Vila Dupla, Aurelio"]
[Black "Buenafe Moya, Javier"]
[Result "1-0"]
[WhiteElo "2042"]
[BlackElo "2160"]
[PlyCount "71"]
[EventDate "2024.04.30"]
[EventType "swiss (blitz)"]
[EventRounds "11"]
[EventCountry "USA"]
[SourceTitle "CB19_2024"]
[SourceDate "2024.05.08"]
[SourceVersion "1"]
[SourceVersionDate "2024.05.08"]
[SourceQuality "1"]

1. Nf3 d5 2. d4 Nf6 3. c4 c6 4. cxd5 cxd5 5. Nc3 Nc6 6. Bf4 a6 7. e3 Bg4 8. Be2 e6 9. 0-0 Bd6 10. Bxd6 Qxd6 11. Ne1 Bxe2 12. Qxe2 0-0 13. Nd3 b6 14. h3 Rfc8 15. Rfc1 Na5 16. b3 Ne4 17. Nxe4 dxe4 18. Nb2 b5 19. Rc2 Rc6 20. Rac1 Rac8 21. Qd2 g6 22. Nd1 R8c7 23. Rxc6 Rxc6 24. Rxc6 Nxc6 25. Qc3 f5 26. g3 Kf7 27. Kg2 Nb4 28. a3 Nd3 29. b4 h5 30. h4 e5 31. d5 Qxd5 32. Qc7+ Kf6 33. Nc3 Qe6 34. Qd8+ Qe7 35. Nd5+ Ke6 36. Nxe7 1-0

[Event "Titled Tuesday intern op 23rd Apr Late"]
[Site "Chess.com INT"]
[Date "2024.04.23"]
[Round "6"]
[White "Badacsonyi, Stanley Ethan Artie"]
[Black "Buenafe Moya, Javier"]
[Result "0-1"]
[WhiteElo "2197"]
[BlackElo "2160"]
[PlyCount "56"]
[EventDate "2024.04.23"]
[EventType "swiss (blitz)"]
[EventRounds "11"]
[EventCountry "USA"]
[SourceTitle "CB18_2024"]
[SourceDate "2024.05.01"]
[SourceVersion "1"]
[SourceVersionDate "2024.05.01"]
[SourceQuality "2"]

1. d4 Nf6 2. Nc3 d5 3. Bf4 c6 4. e3 Bf5 5. f3 e6 6. g4 Bg6 7. h4 h5 8. g5 Nfd7 9. Bd3 Bxd3 10. Qxd3 g6 11. Nge2 Bg7 12. 0-0-0 a5 13. e4 a4 14. a3 Qa5 15. Bd6 Nb6 16. exd5 cxd5 17. Nb5 Na6 18. Nf4 Nc4 19. Nxe6 Qxb5 20. Nxg7+ Kd7 21. Bb4 Nxb4 22. axb4 Qxb4 23. Rde1 Qxb2+ 24. Kd1 Rhg8 25. Nxh5 gxh5 26. Qf5+ Kc6 27. Re7 Qxd4+ 28. Kc1 Qa1# 0-1

[Event "Titled Tuesday intern op 23rd Apr Late"]
[Site "Chess.com INT"]
[Date "2024.04.23"]
[Round "5"]
[White "Flynn, Jacob"]
[Black "Buenafe Moya, Javier"]
[Result "1-0"]
[WhiteElo "2184"]
[BlackElo "2160"]
[PlyCount "75"]
[EventDate "2024.04.23"]
[EventType "swiss (blitz)"]
[EventRounds "11"]
[EventCountry "USA"]
[SourceTitle "CB18_2024"]
[SourceDate "2024.05.01"]
[SourceVersion "1"]
[SourceVersionDate "2024.05.01"]
[SourceQuality "2"]

1. d4 Nf6 2. c4 e6 3. Nc3 Bb4 4. Qc2 d5 5. cxd5 exd5 6. Bg5 Qd6 7. e3 Ne4 8. Bf4 Qc6 9. Rc1 Bf5 10. Bd3 Bg6 11. Nge2 Nxc3 12. Nxc3 Bxd3 13. Qxd3 Qd7 14. 0-0 c6 15. a3 Be7 16. Na4 b6 17. Qc2 b5 18. Nc5 Qg4 19. h3 Qh5 20. Nd3 0-0 21. Bxb8 Raxb8 22. Qxc6 b4 23. Nf4 Qh4 24. g3 Qh6 25. Nxd5 Bd6 26. axb4 Rfd8 27. Kg2 Qe6 28. Nf4 Qf6 29. b5 g5 30. Nd5 Qe6 31. Nc3 Rb6 32. Qe4 Qb3 33. Nd5 Rxb5 34. Nf6+ Kg7 35. Nh5+ Kg8 36. Rc6 Bf8 37. Nf6+ Kg7 38. Qxh7# 1-0

[Event "Titled Tuesday intern op 12th Mar Late"]
[Site "Chess.com INT"]
[Date "2024.03.12"]
[Round "2"]
[White "Buenafe Moya, Javier"]
[Black "Grinev, Valeriy"]
[Result "0-1"]
[WhiteElo "2163"]
[BlackElo "2422"]
[PlyCount "70"]
[EventDate "2024.03.12"]
[EventType "swiss (blitz)"]
[EventRounds "11"]
[EventCountry "USA"]
[SourceTitle "CB12_2024"]
[SourceDate "2023.10.01"]
[SourceVersion "1"]
[SourceVersionDate "2023.10.01"]
[SourceQuality "1"]

1. c4 c5 2. Nf3 Nc6 3. d4 cxd4 4. Nxd4 Nf6 5. g3 e6 6. Bg2 Bb4+ 7. Bd2 Bc5 8. Bc3 d5 9. 0-0 0-0 10. Nb3 Bb6 11. cxd5 Nxd5 12. Bd2 a5 13. Nc3 a4 14. Nc1 a3 15. bxa3 Bd4 16. Qc2 Rxa3 17. Nb3 Ncb4 18. Qc1 Bxc3 19. Bxc3 Rxa2 20. Bxg7 Kxg7 21. Bxd5 Qxd5 22. Rxa2 Nxa2 23. Qb2+ e5 24. Qxa2 Bh3 25. f3 Bxf1 26. Kxf1 Rc8 27. Qb2 Qb5 28. Kf2 Rc4 29. Qa2 Qb6+ 30. Kg2 Qe3 31. Na5 Rc1 32. Nxb7 Rg1+ 33. Kh3 Qh6+ 34. Kg4 Qg6+ 35. Kh3 Qh5# 0-1

[Event "Titled Tuesday intern op 12th Mar Late"]
[Site "Chess.com INT"]
[Date "2024.03.12"]
[Round "10"]
[White "Buenafe Moya, Javier"]
[Black "Novikova, Margarita"]
[Result "1-0"]
[WhiteElo "2163"]
[BlackElo "1999"]
[PlyCount "67"]
[EventDate "2024.03.12"]
[EventType "swiss (blitz)"]
[EventRounds "11"]
[EventCountry "USA"]
[SourceTitle "CB12_2024"]
[SourceDate "2023.10.01"]
[SourceVersion "1"]
[SourceVersionDate "2023.10.01"]
[SourceQuality "1"]

1. c4 Nf6 2. Nc3 e5 3. Nf3 Nc6 4. e4 a6 5. d4 exd4 6. Nxd4 Nxd4 7. Qxd4 b6 8. Bg5 Bc5 9. Qe5+ Qe7 10. Bxf6 gxf6 11. Qxe7+ Bxe7 12. 0-0-0 Bb7 13. f3 0-0-0 14. Be2 Rhg8 15. g4 Bd6 16. h4 Bf4+ 17. Kc2 h5 18. gxh5 Rh8 19. Nd5 Bxd5 20. Rxd5 Rde8 21. Rf5 Be5 22. f4 Bd4 23. Bf3 Rh6 24. b3 Rg8 25. Kd3 c5 26. Ke2 Kc7 27. Rd5 d6 28. Rh2 Rg3 29. Rg2 Rh3 30. Rg7 Rxh4 31. Rxf7+ Kc6 32. e5 Rh2+ 33. Kd1 Rf2 34. Rxd6# 1-0

[Event "Titled Tuesday intern op 13th Feb Late"]
[Site "Chess.com INT"]
[Date "2024.02.13"]
[Round "7"]
[White "Perez, Maximiliano"]
[Black "Buenafe Moya, Javier"]
[Result "1-0"]
[WhiteElo "2374"]
[BlackElo "2136"]
[PlyCount "75"]
[EventDate "2024.02.13"]
[EventType "swiss (blitz)"]
[EventRounds "11"]
[EventCountry "USA"]
[SourceTitle "CB08_2024"]
[SourceDate "2024.02.21"]
[SourceVersion "1"]
[SourceVersionDate "2024.02.21"]
[SourceQuality "1"]

1. e4 e5 2. Nf3 Nc6 3. Bc4 Bc5 4. 0-0 Nf6 5. d3 0-0 6. Nbd2 a5 7. h3 h6 8. Re1 Re8 9. a3 Bf8 10. Nf1 d6 11. c3 Be6 12. Bb5 g6 13. Ng3 Bg7 14. d4 Bd7 15. d5 Ne7 16. Bxd7 Nxd7 17. c4 a4 18. b4 axb3 19. Qxb3 Nc5 20. Qc2 Rf8 21. Be3 Qd7 22. Bxc5 dxc5 23. a4 Nc8 24. a5 Nd6 25. Nd2 b6 26. axb6 cxb6 27. Reb1 Qc7 28. Qb3 Rxa1 29. Rxa1 f5 30. Ra6 Rb8 31. Qa4 Kf7 32. Qc2 f4 33. Ngf1 Bf8 34. Qa4 Rb7 35. Nh2 h5 36. Nhf3 Kf6 37. Nxe5 Kxe5 38. Qa1# 1-0

[Event "Titled Tuesday intern op 13th Feb Late"]
[Site "Chess.com INT"]
[Date "2024.02.13"]
[Round "5"]
[White "Seemann, Jakub"]
[Black "Buenafe Moya, Javier"]
[Result "1-0"]
[WhiteElo "2439"]
[BlackElo "2136"]
[PlyCount "167"]
[EventDate "2024.02.13"]
[EventType "swiss (blitz)"]
[EventRounds "11"]
[EventCountry "USA"]
[SourceTitle "CB08_2024"]
[SourceDate "2024.02.21"]
[SourceVersion "1"]
[SourceVersionDate "2024.02.21"]
[SourceQuality "1"]

1. c4 e5 2. Nc3 Nf6 3. Nf3 Nc6 4. d3 h6 5. g3 Bb4 6. Bd2 a5 7. Bg2 0-0 8. 0-0 Re8 9. Nd5 Bf8 10. Rc1 Nd4 11. Nxd4 exd4 12. e3 dxe3 13. Bxe3 Nxd5 14. Bxd5 Qf6 15. Qd2 d6 16. Rfe1 Bh3 17. b3 c6 18. Bg2 Bxg2 19. Kxg2 a4 20. b4 a3 21. Qc2 Qf5 22. Bd4 Re6 23. Rxe6 fxe6 24. Re1 e5 25. Bc3 Be7 26. Qe2 Bf6 27. Qe4 Qxe4+ 28. dxe4 Kf7 29. f3 Ke6 30. Rc1 Ra4 31. Kf2 Be7 32. Ke3 Bg5+ 33. f4 exf4+ 34. gxf4 Bf6 35. Bd2 Bb2 36. Rg1 c5 37. bxc5 dxc5 38. Kd3 Ra6 39. e5 Kf7 40. Ke4 Ra8 41. f5 Rd8 42. Be3 Bd4 43. Rd1 g6 44. fxg6+ Kxg6 45. Bxd4 cxd4 46. Rxd4 Rf8 47. Rd3 Rf2 48. Rg3+ Kf7 49. Rxa3 Rxh2 50. Rb3 Rxa2 51. Rxb7+ Kg6 52. Rb6+ Kg5 53. Kd5 h5 54. Rf6 h4 55. Rf1 h3 56. e6 Re2 57. Kd6 Rd2+ 58. Kc6 h2 59. e7 Re2 60. Kd7 Rd2+ 61. Ke8 Kg4 62. Kf8 Rf2+ 63. Rxf2 h1Q 64. e8Q Qh6+ 65. Ke7 Qe3+ 66. Kd7 Qxf2 67. Qe6+ Kh5 68. Qd5+ Kg6 69. c5 Qh2 70. c6 Qh3+ 71. Kc7 Qg3+ 72. Qd6+ Qxd6+ 73. Kxd6 Kf5 74. c7 Ke4 75. c8Q Kd3 76. Qe6 Kd4 77. Qe5+ Kc4 78. Qe4+ Kb3 79. Kd5 Kc3 80. Qc4+ Kd2 81. Ke4 Ke1 82. Qa2 Kd1 83. Kd3 Kc1 84. Qc2# 1-0

[Event "Titled Tuesday intern op 06th Feb Late"]
[Site "Chess.com INT"]
[Date "2024.02.06"]
[Round "9"]
[White "Aaron, Deepak"]
[Black "Buenafe Moya, Javier"]
[Result "1/2-1/2"]
[WhiteElo "2278"]
[BlackElo "2136"]
[PlyCount "211"]
[EventDate "2024.02.06"]
[EventType "swiss (blitz)"]
[EventRounds "11"]
[EventCountry "USA"]
[SourceTitle "CB07_2024"]
[SourceDate "2024.02.14"]
[SourceVersion "1"]
[SourceVersionDate "2024.02.14"]
[SourceQuality "1"]

1. f4 Nf6 2. Nf3 g6 3. d3 d5 4. e3 Bg7 5. Be2 c5 6. 0-0 Nc6 7. Qe1 0-0 8. Bd1 Bf5 9. Nbd2 Qb6 10. Kh1 Rad8 11. e4 dxe4 12. dxe4 Bc8 13. e5 Nd5 14. Ne4 c4 15. c3 Bf5 16. Nh4 Kh8 17. Nxf5 gxf5 18. Ng5 h6 19. Qh4 Kg8 20. Nf3 Ne3 21. Bxe3 Qxe3 22. Bc2 e6 23. Rae1 Qb6 24. g4 Qxb2 25. Re2 Qxc3 26. gxf5 exf5 27. Rg2 f6 28. Qh5 fxe5 29. Bxf5 Rd6 30. Rfg1 exf4 31. Rxg7+ Qxg7 32. Rxg7+ Kxg7 33. Qg4+ Kh8 34. Nh4 Rg8 35. Ng6+ Rgxg6 36. Bxg6 Ne7 37. Qxf4 Rxg6 38. Qxc4 Kg7 39. Qd4+ Kf7 40. Qxa7 b6 41. Qb7 Rc6 42. Qd7 Rc1+ 43. Kg2 Rc2+ 44. Kf1 Rxh2 45. a4 Rh5 46. Ke2 Re5+ 47. Kf2 Re6 48. Qd8 Rc6 49. Qh8 Rf6+ 50. Ke1 Re6+ 51. Kd2 Rd6+ 52. Kc2 Rc6+ 53. Kb3 Rg6 54. Qh7+ Ke6 55. Qh8 Kd7 56. Qd4+ Rd6 57. Qg4+ Kc7 58. Qh4 Kd7 59. Qh3+ Kc7 60. Ka3 Kd8 61. Qg3 Kd7 62. Qg4+ Kc7 63. Qg7 Kd7 64. Qh7 Re6 65. Kb4 Kc7 66. Kb3 Kc6 67. Qf7 Kd7 68. Qf3 h5 69. Qxh5 Kc7 70. Qh2+ Kd7 71. Qh3 Kc7 72. Qg3+ Kd7 73. Qg2 Nc6 74. Qg7+ Re7 75. Qh8 Re3+ 76. Kb2 Re5 77. Qa8 Ra5 78. Qb7+ Kd6 79. Ka3 b5 80. Qh7 Rxa4+ 81. Kb2 Rb4+ 82. Kc2 Rc4+ 83. Kd2 Rd4+ 84. Ke2 Rd5 85. Qh6+ Kc5 86. Qf8+ Kb6 87. Ke1 Re5+ 88. Kd2 Rd5+ 89. Kc2 b4 90. Kb3 Rc5 91. Qg8 Rc3+ 92. Kb2 Na5 93. Qb8+ Nb7 94. Qf8 Rc5 95. Qf6+ Rc6 96. Qf2+ Nc5 97. Qd4 Kb5 98. Kb1 Ra6 99. Qd8 Ra3 100. Qb8+ Kc4 101. Qg8+ Kb5 102. Qe8+ Kc4 103. Qf7+ Kb5 104. Qe8+ Kc4 105. Qf7+ Kb5 106. Qe8+ 1/2-1/2

[Event "Titled Tuesday intern op 06th Feb Late"]
[Site "Chess.com INT"]
[Date "2024.02.06"]
[Round "8"]
[White "Buenafe Moya, Javier"]
[Black "Munoz, Francisco Javier"]
[Result "1-0"]
[WhiteElo "2136"]
[BlackElo "2389"]
[PlyCount "111"]
[EventDate "2024.02.06"]
[EventType "swiss (blitz)"]
[EventRounds "11"]
[EventCountry "USA"]
[SourceTitle "CB07_2024"]
[SourceDate "2024.02.14"]
[SourceVersion "1"]
[SourceVersionDate "2024.02.14"]
[SourceQuality "1"]

1. c4 e6 2. Nf3 d5 3. e3 Nf6 4. b3 Be7 5. Bb2 0-0 6. Qc2 c5 7. cxd5 exd5 8. h4 b6 9. Nc3 Re8 10. Ng5 Bb7 11. Bb5 Nbd7 12. Ne2 d4 13. exd4 cxd4 14. Bxd4 Bc5 15. Bxc5 Nxc5 16. Bxe8 Qxe8 17. d4 Nce4 18. 0-0 h6 19. Nxe4 Nxe4 20. Qc7 Ba6 21. Rfe1 Qb5 22. Qf4 Nf6 23. Nc3 Qc6 24. Rac1 Bb7 25. f3 Qd7 26. Red1 Re8 27. d5 b5 28. Rd4 a5 29. Rcd1 b4 30. Ne4 Nxe4 31. fxe4 f6 32. R1d2 Qb5 33. Kf2 Qc5 34. Kg3 Bc8 35. Kh2 Re5 36. Rc4 Qf8 37. Rdc2 Bd7 38. Rc7 Qd6 39. g3 Kh7 40. R7c5 Qb6 41. Qf2 Qd6 42. Qd4 Qe7 43. Re2 Qe8 44. Rxa5 Qh5 45. Rf2 Qg4 46. Rf4 Qe2+ 47. Qf2 Qd1 48. Rc5 Qa1 49. Rc7 Bb5 50. Rxf6 Qd1 51. Rxg7+ Kxg7 52. Rf7+ Kg6 53. Qf6+ Kh5 54. Qxe5+ Kg4 55. Qf4+ Kh5 56. Qf5# 1-0